• 首页
  • 本馆介绍
  • 公告通知
  • 最新文献
  • 馆藏检索
  • 电子资源
  • 读者导购
  • 参考咨询
  • 我的图书馆
  • 登录
  • 详细信息显示
  • 放入我的书架
  • 预约/预借图书
  • 作者相关作品
  • 分类相关作品
  • 丛书相关作品
  • 出版社相关作品

书目信息

  • 表格格式
  • 工作单格式
  • 卡片格式
题名:
国企英豪创富揭秘
    
 
作者: 陈昌照 , 吴代宇 编著
分册:  
出版信息: 北京   人民出版社  2005
页数: 270页
开本: 21cm
丛书名: 新锐富豪财智丛书
单 册:
中图分类: F279.241
科图分类:
主题词: 国有企业--企业管理--经验--中国
电子资源:
ISBN: 7-01-004888-6
000 01057nam0 2200325 450
000 01020nam0 2200313 450
000 00989nam0 2200313 450
000 00935nam0 2200289 450
000 00953nam0 2200277 450
000 00916nam0 2200265 45
001 TS2006026257
005 20070112111059.46
010    @a7-01-004888-6@dCNY18.00
100    @a20060829d2005 ekmy0chiy0120 ea
101 0  @achi
102    @aCN@b110000
105    @ay z 000yy
200 1  @a国企英豪创富揭秘@AGuo Qi Ying Hao Chuang Fu Jie Mi@f陈昌照, 吴代宇编著@FChen Chang Zhao , Wu Dai Yu Bian Zhu
210    @a北京@c人民出版社@d2005
215    @a270页@d21cm
225 2  @a新锐富豪财智丛书
410  0 @12001 @a新锐富豪财智丛书
606 0  @a国有企业@x企业管理@x经验@y中国
690    @aF279.241@v4
701  0 @a陈昌照@AChen Chang Zhao@4编著
701  0 @a吴代宇@AWu Dai Yu@4编著
801  0 @aCN@b中图数据@c20070112
905    @a10447@dF279.241@e405
    
    国企英豪创富揭秘/陈昌照, 吴代宇编著.-北京:人民出版社,2005
    270页;21cm.-(新锐富豪财智丛书)
    
    
    ISBN 7-01-004888-6:CNY18.00
    
●
相关链接 在E读中查询图书 在五车中查询图书 在当当中查询图书 在豆瓣中查询图书


正题名:国企英豪创富揭秘     索取号:F279.241/405         预约/预借

序号 登录号 条形码 馆藏地/架位号 状态 备注
1 0601478   206014784   第一样本阅览室/ [索取号:F279.241/405] 在馆    
2 0601479   206014793   第一借阅区/ [索取号:F279.241/405] 在馆    
3 0601480   206014800   第一借阅区/ [索取号:F279.241/405] 在馆    
4 0601481   206014819   第一借阅区/ [索取号:F279.241/405] 在馆    
5 0601482   206014828   第一借阅区/ [索取号:F279.241/405] 在馆    
唐山师范学院图书馆 欢迎您!
大连网信软件有限公司© 版权所有